000 00830nam a2200217 a 4500
001 000034269
005 20200930070924.0
008 110929s2001 es 000 0 spa d
020 _a8474327571
020 _a8474327571
040 _aDO-SdBNP
_bspa
_cBNPHU
100 1 _aBecher, Tony
_959693
240 1 2 _aAcademic tribes and territories: intellectual enquiry and the cultures of disciplines
245 1 0 _aTribus y territorios académicos :
_bla indagación intelectual y las culturas de las disciplinas /
_cTony Becher ; traducción Andrea Menegotto.
260 _aBarcelona :
_bGedisa,
_c2001.
300 _a253 p. ;
_c23 cm.
490 1 _aBiblioteca de educación.
_aEducación superior
_v1
700 1 _aMenegotto, Andrea
_etr.
_959694
830 0 _aBiblioteca de educación
_pEducación superior
_v1
_959695
049 _aBNPD
999 _c33760
_d33760